La vie et l'âme de Teilhard de Chardin /

Wedi'i Gadw mewn:
Manylion Llyfryddiaeth
Prif Awdur: Corté, Nicolas (autor)
Fformat: Llyfr
Iaith:Ffrangeg
Cyhoeddwyd: París, Francia : Fayard, 1957, c1957
Cyfres:(Le Livre de Poche Chrétien ; 31)
Pynciau:
Tagiau: Ychwanegu Tag
Dim Tagiau, Byddwch y cyntaf i dagio'r cofnod hwn!

MARC

LEADER 00000nam^a2200000^a^4500
001 000180386
005 20250521000000.0
009 20260310101855.83
037 |a Acervo ITESO - Biblioteca 
041 |a FRA 
082 |a 146. 7  |b TEI CRI COR 
100 |a Corté, Nicolas  |e (autor) 
245 1 3 |a La vie et l'âme de Teilhard de Chardin /  |c N. Corte. 
246 2 |a Título en la cubierta: La vie et l'âme de Teilhard de Chardin. De l'homme préhistorique à nous. Humanité planétaire. Point oméga 
264 4 |a París, Francia :  |b Fayard,  |c 1957, c1957 
300 |a 254 p. 
336 |a texto  |b txt  |2 rdacontenido 
337 |a sin mediación  |b n  |2 rdamedio 
338 |a volumen  |b nc  |2 rdasoporte 
440 3 |a (Le Livre de Poche Chrétien ;  |v 31) 
545 0 |a Pierre Teilhard de Chardin (1881-1955), filósofo, científico y teólogo francés. Jesuita cuyos ensayos sobre la reconciliación entre la fe y la teoría de la evolución provocaron las sospechas del Vaticano y que se le impidieron publicar en vida sus obras sobre temas religiosos. A la concepción materialista del darwinismo y del positivismo, Teilhard de Chardin opuso una cosmología que, pese a reconocer la validez del principio de la evolución, e incluso extendiéndolo a la realidad espiritual, rechazaba una interpretación puramente determinista y materialista del mismo. De manera que su evolucionismo se desarrolla en una dimensión de un futuro cósmico-cristológico. El jesuita francés manifestó su creencia en el universo como una evolución, en la dirección de la evolución hacia el espíritu, en la realización del espíritu en algo personal y en el Cristo-Universal como lo personal supremo. Entre sus obras principales, publicadas todas póstumas, tenemos: El fenómeno humano (1955); La aparición del hombre (1956); La concepción del pasado (1957); El medio divino (1957) y El porvenir del hombre (1959). 
649 |a XX 
650 |a Jesuitas Franceses -  |x Biografías 
650 |a Teólogos Franceses -  |x Biografías 
650 |a Religiosos Franceses -  |x Biografías 
650 |a Científicos Franceses -  |x Biografías 
650 |a Evolucionismo 
650 |a Religión y Ciencia 
650 |a Filosofía y Religión 
650 |a Teilhard de Chardin, Pierre -  |x Tema Principal 
910 |a Fondo General 
920 |a Impresos - Libros 
930 |a Colección General 
905 |a 101 
901 |a 0500119860  |b IT1  |c ACC  |u 20250521 
902 |a https://opac.biblio.iteso.mx/vufind/Record/000180386